| 000 | 00384nam a2200121Ia 4500 | ||
|---|---|---|---|
| 008 | 220616s9999||||xx |||||||||||||| ||und|| | ||
| 245 | 0 |
_aNeck Dissection _bClinical Application and Recent Advances |
|
| 546 | _aEnglish[eng] | ||
| 650 | _aGeneral surgery | ||
| 700 | _aKummoona, Raja | ||
| 856 | _uhttps://mts.intechopen.com/storage/books/740/authors_book/authors_book.pdf | ||
| 942 | _cEB | ||
| 999 |
_c20628 _d20628 |
||